| 000 | 00537cam a2200145 4500500 | ||
|---|---|---|---|
| 005 | 20251228082903.0 | ||
| 041 | _afre | ||
| 042 | _adc | ||
| 100 | 1 | 0 |
_aMartin, Catherine _eauthor |
| 245 | 0 | 0 | _aGeorges Minois, Bossuet. Entre Dieu et le soleil, Paris, Perrin, 2003. Un vol. 16 × 25 cm de 747 p. |
| 260 | _c2005. | ||
| 500 | _a37 | ||
| 786 | 0 | _nDix-septième siècle | 227 | 2 | 2005-06-01 | p. 355h-376h | 0012-4273 | |
| 856 | 4 | 1 | _uhttps://shs.cairn.info/revue-dix-septieme-siecle-2005-2-page-355h?lang=fr&redirect-ssocas=7080 |
| 999 |
_c1599998 _d1599998 |
||